[Event "10th EUR-ch (w)"]
[Site "Sankt Petersburg RUS"]
[Date "2009.03.16"]
[Round "8"]
[White "Bezgodova, Svetlana"]
[Black "Zizlova, Sofia"]
[Result "1/2-1/2"]
[WhiteElo "2214"]
[BlackElo "2020"]
[EventDate "2009.03.08"]
[PlyCount "114"]

1.e4 c5 2.Nf3 d6 3.d4 cxd4 4.Nxd4 Nf6 5.Nc3 g6 6.Be3 Bg7 7.f3 Nc6 8.Qd2 
O-O 9.g4 Be6 10.h4 Nxd4 11.Bxd4 Qa5 12.h5 Rac8 13.a3 Bc4 14.hxg6 fxg6 15.
g5 Nh5 16.Bxg7 Nxg7 17.Bxc4+ Rxc4 18.Rh3 Ne6 19.O-O-O Qxg5 20.Nd5 Qxd2+ 
21.Rxd2 Rf7 22.Ne3 Rc8 23.Rg3 Rcf8 24.Nf5 Kh8 25.Nh4 Ng7 26.Rg5 Ne6 27.Rb5
b6 28.c3 Rf4 29.Rh2 Kg7 30.a4 h6 31.a5 Ng5 32.axb6 axb6 33.e5 dxe5 34.Rxb6
R8f6 35.Rb7 Kf7 36.b4 Nxf3 37.Nxf3 Rxf3 38.Rxh6 Rxc3+ 39.Kb2 Rg3 40.Rh7+ 
Kg8 41.Rh2 Re6 42.b5 e4 43.b6 e3 44.Re2 Rf3 45.Rb8+ Rf8 46.Rxe3 Rxb8 47.
Rxe6 Kf7 48.Rc6 g5 49.Kb3 Ke8 50.Kb4 Kd7 51.Rg6 Kc8 52.Kb5 Kb7 53.Rxg5 Rh8
54.Rc5 Rh1 55.Rc7+ Kb8 56.Rxe7 Rb1+ 57.Kc6 Rc1+ 1/2-1/2

[Event "10th EUR-ch (w)"]
[Site "Sankt Petersburg RUS"]
[Date "2009.03.16"]
[Round "8"]
[White "Gorbatenko, Kateryna"]
[Black "Mammadova, Gulnar"]
[Result "0-1"]
[WhiteElo "2071"]
[BlackElo "2175"]
[EventDate "2009.03.08"]
[PlyCount "108"]

1.d4 f5 2.c4 Nf6 3.Nc3 e6 4.Nf3 Bb4 5.e3 b6 6.Bd3 Bb7 7.Qc2 O-O 8.b3 a5 9.
a3 Bxc3+ 10.Qxc3 Ne4 11.Qc2 Qe7 12.O-O Rf6 13.Nd2 Rh6 14.f3 Nf6 15.e4 Qd6 
16.g3 Qxd4+ 17.Kg2 f4 18.Bb2 Qc5 19.Bxf6 Rxf6 20.e5 Qxe5 21.Bxh7+ Kf7 22.
Rae1 Qh5 23.Ne4 Rh6 24.h4 Rxh7 25.Ng5+ Kg8 26.Nxh7 Qxh7 27.Qd2 Qf5 28.Qxf4
Qxf4 29.gxf4 Nc6 30.Rd1 d6 31.Kg3 Kf7 32.h5 Rh8 33.Rh1 Ba6 34.Rd2 a4 35.
bxa4 Bxc4 36.Rc1 d5 37.Rh1 Ne7 38.a5 Nf5+ 39.Kf2 b5 40.a4 b4 41.Rb2 c5 42.
Rc1 Rxh5 43.a6 Bxa6 44.Kg1 Bc4 45.a5 Nd4 46.Kg2 Nb3 47.Rxb3 Bxb3 48.Rxc5 
Bc4 49.Rc7+ Kf6 50.Rb7 b3 51.a6 Bxa6 52.Rxb3 Bc4 53.Rb4 Rh8 54.Kf2 Ra8 0-1

[Event "10th EUR-ch (w)"]
[Site "Sankt Petersburg RUS"]
[Date "2009.03.16"]
[Round "8"]
[White "Molchanova, Tatiana"]
[Black "Minina, Veronika"]
[Result "1/2-1/2"]
[WhiteElo "2319"]
[BlackElo "2125"]
[EventDate "2009.03.08"]
[PlyCount "131"]

1.e4 e6 2.d4 d5 3.exd5 exd5 4.Bd3 Nc6 5.c3 Bd6 6.Qf3 Be6 7.Nh3 Qd7 8.Ng5 
O-O-O 9.Be3 g6 10.Nd2 f5 11.O-O Nf6 12.Nxe6 Qxe6 13.Bg5 h6 14.Bxf6 Qxf6 
15.Rae1 Ne7 16.Re2 h5 17.Rfe1 g5 18.Re6 Qf8 19.Qe2 Rd7 20.Nf3 h4 21.Nxg5 
h3 22.g3 f4 23.Nh7 Qf7 24.Nf6 Rdd8 25.Rxe7 Qxf6 26.Qg4+ Kb8 27.R7e6 Qf8 
28.Qf5 fxg3 29.fxg3 a5 30.Rf6 Qg8 31.Rg6 Qf8 32.a4 Re8 33.Qxf8 Rexf8 34.
Rg5 c6 35.Re6 Bc7 36.Rg7 Bd8 37.Be2 Re8 38.Rxe8 Rxe8 39.Kf2 c5 40.dxc5 Be7
41.Bf3 Bxc5+ 42.Kf1 Rf8 43.Ke2 Bg1 44.b3 Bxh2 45.Bxd5 b6 46.c4 Bg1 47.Rh7 
h2 48.g4 Rf2+ 49.Kd3 Rf4 50.Be6 Rd4+ 51.Kc2 Re4 52.Bf5 Rf4 53.Kd2 Rf2+ 54.
Kd3 Rf4 55.Rh4 Kc7 56.Rh6 Rd4+ 57.Kc3 Rf4 58.Rh7+ Kd6 59.Bc8 Rf3+ 60.Kc2 
Rg3 61.Rh5 Ke7 62.Rh6 Kf7 63.Bf5 Kg7 64.Rg6+ Kf7 65.Rh6 Kg7 66.Rg6+ 
1/2-1/2

[Event "10th EUR-ch (w)"]
[Site "Sankt Petersburg RUS"]
[Date "2009.03.16"]
[Round "8"]
[White "Sokolova, Vera"]
[Black "Kouvatsou, Maria"]
[Result "1-0"]
[WhiteElo "2084"]
[BlackElo "2208"]
[EventDate "2009.03.08"]
[PlyCount "83"]

1.e4 e5 2.Nf3 Nc6 3.Bb5 a6 4.Ba4 Nf6 5.O-O Be7 6.c3 b5 7.Bc2 d6 8.d4 Bg4 
9.d5 Nb8 10.h3 Bh5 11.a4 Nbd7 12.Qe2 Rb8 13.b4 h6 14.Bd3 Nh7 15.axb5 axb5 
16.Be3 Ng5 17.Nbd2 O-O 18.Ba7 Rb7 19.Kh2 Nxf3+ 20.Nxf3 Bg5 21.g4 Bf4+ 22.
Kg2 Bg6 23.Bxb5 Rxb5 24.Qxb5 Bxe4 25.Qe2 Bxd5 26.c4 Bb7 27.Be3 f5 28.Ra7 
Be4 29.Bxf4 exf4 30.Kh2 Nf6 31.gxf5 Bxf5 32.Nd4 Re8 33.Qf3 Bc8 34.Ne2 Qd7 
35.Nxf4 Ne4 36.Qd3 Nf6 37.Rg1 Re5 38.Qg6 Kf8 39.Ra8 Rf5 40.Rxc8+ Qxc8 41.
Qxg7+ Ke8 42.Qh8+ 1-0

[Event "10th EUR-ch (w)"]
[Site "Sankt Petersburg RUS"]
[Date "2009.03.16"]
[Round "8"]
[White "Papadopoulou, Vera"]
[Black "Alexeeva, Alena"]
[Result "1/2-1/2"]
[WhiteElo "2190"]
[BlackElo "2039"]
[EventDate "2009.03.08"]
[PlyCount "88"]

1.d4 d5 2.c4 e6 3.Nc3 Nf6 4.cxd5 exd5 5.Bg5 c6 6.e3 Qb6 7.Qc1 Ne4 8.Bf4 
Bb4 9.Bd3 Bf5 10.Qc2 Qa5 11.Ne2 Nxc3 12.bxc3 Bxd3 13.Qxd3 Be7 14.O-O Nd7 
15.Rfb1 b6 16.a4 Rc8 17.Nc1 c5 18.Rb5 Qa6 19.dxc5 Rxc5 20.Nb3 Rxb5 21.axb5
Qb7 22.Nd4 Nc5 23.Qf5 Bf6 24.Bd6 Bxd4 25.exd4 Ne6 26.Qe5 Kd7 27.f4 f6 28.
Qe3 Kxd6 29.Re1 Re8 30.f5 Nc7 31.Qg3+ Kd7 32.Qxg7+ Kc8 33.Re7 Rxe7 34.Qxe7
Kb8 35.Qxf6 Qc8 36.g4 Qe8 37.Kf2 Qxb5 38.g5 Qb2+ 39.Kg3 Qxc3+ 40.Kg4 Qc2 
41.h4 Qe2+ 42.Kg3 Qe3+ 43.Kg4 Qe2+ 44.Kg3 Qe3+ 1/2-1/2

[Event "10th EUR-ch (w)"]
[Site "Sankt Petersburg RUS"]
[Date "2009.03.16"]
[Round "8"]
[White "Kluchik, Yulia"]
[Black "Butuc, Maria"]
[Result "0-1"]
[WhiteElo "1953"]
[BlackElo "2182"]
[EventDate "2009.03.08"]
[PlyCount "88"]

1.e4 c6 2.d4 d5 3.e5 Bf5 4.Be2 e6 5.Nf3 Nd7 6.O-O h6 7.Nbd2 Ne7 8.c4 dxc4 
9.Nxc4 Nd5 10.Ne3 Bh7 11.Nxd5 cxd5 12.Qb3 Rb8 13.Bd2 Be7 14.Rac1 O-O 15.
Bb4 Bxb4 16.Qxb4 Qb6 17.Qxb6 Nxb6 18.Rc7 Rfc8 19.Rfc1 Nc4 20.Rxc8+ Rxc8 
21.Nd2 Nb6 22.Rxc8+ Nxc8 23.Nb3 Ne7 24.Kf1 Bc2 25.Nd2 Nc6 26.Nf3 Be4 27.
Ke1 Bxf3 28.Bxf3 Nxd4 29.Bd1 Nc6 30.f4 Kf8 31.Kd2 Ke7 32.Kc3 f6 33.b4 a6 
34.exf6+ gxf6 35.a4 e5 36.fxe5 fxe5 37.b5 axb5 38.axb5 Nd8 39.Kb4 b6 40.g4
Ne6 41.Bb3 Kd6 42.h4 e4 43.Kc3 Ke5 44.Kd2 Nd4 0-1

[Event "10th EUR-ch (w)"]
[Site "Sankt Petersburg RUS"]
[Date "2009.03.16"]
[Round "8"]
[White "Mednikova, Svetlana"]
[Black "Abdulla, Khayala"]
[Result "0-1"]
[WhiteElo "2160"]
[BlackElo "2070"]
[EventDate "2009.03.08"]
[PlyCount "118"]

1.e4 c5 2.d3 e6 3.g3 g6 4.Bg2 Bg7 5.f4 d6 6.Nf3 Ne7 7.O-O O-O 8.c3 Nbc6 9.
Be3 b6 10.Re1 Ba6 11.Bf2 Rc8 12.Qd2 Qd7 13.Na3 e5 14.Nc2 Bh6 15.Be3 exf4 
16.Bxf4 Bxf4 17.gxf4 d5 18.e5 d4 19.c4 Qg4 20.Rf1 Rcd8 21.Rae1 h6 22.Kh1 
Bc8 23.Ng1 Qh4 24.Qf2 Qxf2 25.Rxf2 Bf5 26.Rd2 Rb8 27.Ne2 b5 28.cxb5 Rxb5 
29.Na3 Ra5 30.Ng3 Nb4 31.Ne4 Ned5 32.Nc4 Rxa2 33.Nxc5 Nxf4 34.Be4 Bxe4+ 
35.Nxe4 Nfxd3 36.Red1 Nf4 37.Rxd4 Ne6 38.Rd7 Kg7 39.Rf1 Nc6 40.Ned6 Ncd8 
41.Nb5 Ra4 42.Nbd6 h5 43.Re7 h4 44.Kg2 Ng5 45.Rf4 h3+ 46.Kg3 Nde6 47.Rg4 
Rb8 48.Rb7 Rxb7 49.Nxb7 Ra1 50.Nbd6 Rg1+ 51.Kh4 Nf3+ 52.Kxh3 Neg5+ 53.Rxg5
Nxg5+ 54.Kh4 Nf3+ 55.Kh3 g5 56.Nf5+ Kg6 57.Ng3 Re1 58.Kg2 Nxe5 59.Nd6 Rb1 
0-1

[Event "10th EUR-ch (w)"]
[Site "Sankt Petersburg RUS"]
[Date "2009.03.16"]
[Round "8"]
[White "Zakharova, Alexandra"]
[Black "Grigorieva, Olga"]
[Result "1-0"]
[WhiteElo "2152"]
[BlackElo "2016"]
[EventDate "2009.03.08"]
[PlyCount "119"]

1.d4 d5 2.Nf3 c6 3.c4 e6 4.Qc2 f5 5.g3 Bd6 6.Bg2 Nf6 7.O-O O-O 8.Bf4 Ne4 
9.e3 Bd7 10.Nc3 Be8 11.Ne2 Bh5 12.Rab1 Bxf3 13.Bxf3 g5 14.Bxd6 Nxd6 15.c5 
Ne4 16.b4 Nd7 17.Bg2 e5 18.f3 Nef6 19.Qxf5 Ne8 20.Qc2 Ng7 21.Bh3 Re8 22.b5
Qc7 23.Rb3 exd4 24.exd4 Nf6 25.Nc1 Qe7 26.Qf2 g4 27.Bxg4 Nxg4 28.fxg4 Rf8 
29.Qe2 Rxf1+ 30.Kxf1 Qf6+ 31.Qf2 Qg5 32.Ne2 Qxg4 33.bxc6 bxc6 34.Rf3 Ne6 
35.Rf6 Rf8 36.Rxf8+ Nxf8 37.Nf4 Ng6 38.Qe2 Qf5 39.Qe6+ Qxe6 40.Nxe6 Ne7 
41.Kf2 Kf7 42.Nf4 Nf5 43.Ne2 Kf6 44.g4 Nh6 45.Kg3 Nf7 46.h4 Nd8 47.Nf4 a5 
48.a4 h6 49.Nh5+ Kg6 50.Kf4 Nf7 51.Ng3 Kf6 52.Nf5 Ke6 53.g5 hxg5+ 54.hxg5 
Nd8 55.Nd6 Ke7 56.Ke5 Ne6 57.Nf5+ Kf7 58.g6+ Kf8 59.Kxe6 Kg8 60.Kd6 1-0

[Event "10th EUR-ch (w)"]
[Site "Sankt Petersburg RUS"]
[Date "2009.03.16"]
[Round "8"]
[White "De Seroux, Camille"]
[Black "Cedikova, Katerina"]
[Result "0-1"]
[WhiteElo "1928"]
[BlackElo "2150"]
[EventDate "2009.03.08"]
[PlyCount "48"]

1.e4 g6 2.d4 d6 3.Nc3 Nf6 4.Bg5 Bg7 5.Qd2 Nbd7 6.f4 c6 7.d5 O-O 8.Nf3 Rb8 
9.O-O-O b5 10.Re1 b4 11.Nd1 Qa5 12.Kb1 Nb6 13.Re3 Na4 14.e5 Ne4 15.Rxe4 
Nc3+ 16.Nxc3 bxc3 17.Qc1 f6 18.b3 fxg5 19.Nxg5 Bf5 20.Re1 Rb4 21.exd6 exd6
22.Ne6 Rfb8 23.Ka1 Rxb3 24.cxb3 c2+ 0-1

[Event "10th EUR-ch (w)"]
[Site "Sankt Petersburg RUS"]
[Date "2009.03.16"]
[Round "8"]
[White "Makka, Evanthia"]
[Black "Abuladze, Lana"]
[Result "1-0"]
[WhiteElo "2110"]
[BlackElo "2029"]
[EventDate "2009.03.08"]
[PlyCount "65"]

1.e4 e5 2.Nf3 Nc6 3.Bc4 Bc5 4.Nc3 Nf6 5.d3 d6 6.Bg5 h6 7.Bxf6 Qxf6 8.Nd5 
Qd8 9.b3 a6 10.d4 Bd7 11.dxe5 dxe5 12.Qe2 Be6 13.Rd1 Qc8 14.b4 O-O 15.O-O 
Re8 16.Kh1 Bg4 17.Rd3 Nd8 18.h3 Bh5 19.g4 Bg6 20.Nh4 Ne6 21.Nxg6 fxg6 22.
f4 Kh7 23.f5 Nf8 24.f6 Ne6 25.f7 Rh8 26.Ne7 Qf8 27.Nxg6 Kxg6 28.Bxe6 Kh7 
29.Qf3 g6 30.Rd7 Bb6 31.Qf6 Be3 32.Bf5 gxf5 33.gxf5 1-0

[Event "10th EUR-ch (w)"]
[Site "Sankt Petersburg RUS"]
[Date "2009.03.16"]
[Round "8"]
[White "Malinicheva, Lidia"]
[Black "Bakalarz, Grazyna"]
[Result "0-1"]
[WhiteElo "2068"]
[BlackElo "2024"]
[EventDate "2009.03.08"]
[PlyCount "114"]

1.e4 d6 2.Nf3 Nf6 3.Nc3 g6 4.Bb5+ c6 5.Be2 Bg7 6.d4 O-O 7.a4 Bg4 8.a5 e5 
9.dxe5 dxe5 10.Be3 Qe7 11.Nd2 Be6 12.Na4 Nbd7 13.c3 Rfb8 14.b4 b6 15.a6 b5
16.Nc5 Nxc5 17.Bxc5 Qc7 18.Be3 Nd7 19.O-O c5 20.Qb1 c4 21.g3 Rd8 22.Ra5 
Qc6 23.Qc2 Nb6 24.f4 Bh3 25.Rf2 exf4 26.gxf4 Qe8 27.Nf3 Bg4 28.Nd4 Bd7 29.
Bf3 Nd5 30.Bd2 Nc7 31.e5 Rab8 32.Re2 Qe7 33.Be1 Rb6 34.Qa2 Ne6 35.Nxe6 
Bxe6 36.Bf2 Rd1+ 37.Kg2 Rb8 38.Rd2 Rxd2 39.Qxd2 Rd8 40.Qe1 Rd3 41.Rxb5 
Bh3+ 42.Kg3 Qe6 43.Rb8+ Bf8 44.Be3 Kg7 45.Kf2 Be7 46.Kg1 Qxa6 47.Bg2 Rxe3 
48.Qxe3 Qa1+ 49.Kf2 Bh4+ 50.Kf3 Qd1+ 51.Qe2 Qd5+ 52.Ke3 Bxg2 53.b5 Be4 54.
Rc8 Bd3 55.Qf3 Qxb5 56.Qc6 Qb1 57.Qg2 Qb6+ 0-1

[Event "10th EUR-ch (w)"]
[Site "Sankt Petersburg RUS"]
[Date "2009.03.16"]
[Round "8"]
[White "Ikonomopoulou, Maria"]
[Black "Khokhlova, Ekaterina"]
[Result "1-0"]
[WhiteElo "2052"]
[BlackElo "1822"]
[EventDate "2009.03.08"]
[PlyCount "53"]

1.e4 c5 2.Nf3 e6 3.b3 Nc6 4.Bb2 d6 5.d4 cxd4 6.Nxd4 Nf6 7.Bd3 Be7 8.O-O e5
9.Nxc6 bxc6 10.Nd2 O-O 11.h3 Qc7 12.Nc4 Nd7 13.Ne3 Nc5 14.c4 Nxd3 15.Qxd3 
Rd8 16.f4 exf4 17.Rxf4 Be6 18.Qc3 Bf8 19.Raf1 Rac8 20.Ng4 Kh8 21.Nf6 d5 
22.Rh4 h6 23.Rxh6+ gxh6 24.Nxd5+ Kh7 25.Qh8+ Kg6 26.Qf6+ Kh7 27.Nxc7 1-0

[Event "10th EUR-ch (w)"]
[Site "Sankt Petersburg RUS"]
[Date "2009.03.16"]
[Round "8"]
[White "Goriachkina, Alexandra"]
[Black "Nikanova, Ekaterina"]
[Result "1/2-1/2"]
[WhiteElo "2020"]
[BlackElo "2049"]
[EventDate "2009.03.08"]
[PlyCount "164"]

1.d4 Nf6 2.c4 e6 3.Nf3 d5 4.Nc3 c5 5.cxd5 exd5 6.Bg5 Be6 7.e3 Nc6 8.Bb5 
Be7 9.Ne5 Qc7 10.Qa4 Rc8 11.Qxa7 c4 12.Bf4 Bd6 13.Nxc6 bxc6 14.Qxc7 Bxc7 
15.Bxc6+ Ke7 16.Bxc7 Rxc7 17.Bb5 Rb8 18.a4 Bd7 19.f3 Bxb5 20.Nxb5 Rcb7 21.
O-O Ne8 22.Rf2 Nc7 23.Nxc7 Rxc7 24.Rc2 Rcb7 25.Ra2 Ra7 26.Kf2 Rb4 27.e4 
Rbxa4 28.Rxa4 Rxa4 29.Ke3 Kd6 30.Kd2 Rb4 31.Kc1 Ra4 32.Re2 f6 33.Kc2 Rb4 
34.h4 Rb3 35.exd5 Rd3 36.Re4 Kxd5 37.Re7 Rxd4 38.g4 Rf4 39.Rxg7 h5 40.g5 
fxg5 41.Rxg5+ Kd4 42.Rxh5 Rxf3 43.Rh8 Rf2+ 44.Kb1 Rf1+ 45.Ka2 Rf2 46.Rd8+ 
Ke4 47.Kb1 Rh2 48.Rh8 Kd3 49.Rd8+ Ke3 50.Rh8 Kd3 51.h5 Rh1+ 52.Ka2 Kc2 53.
Rc8 Kd3 54.Rc5 Rh3 55.Ra5 Kd2 56.Rc5 Kd3 57.Rb5 Kd2 58.Rd5+ Ke3 59.Rg5 Kd4
60.Ra5 Rh2 61.Ra4 Kc5 62.Ra8 Kb4 63.Rb8+ Ka4 64.Ra8+ Kb4 65.Rb8+ Ka4 66.
Kb1 Rxh5 67.Kc2 Rb5 68.Ra8+ Kb4 69.Rh8 Rb7 70.Rh3 Rg7 71.Rh2 Rg1 72.Rd2 
Rf1 73.Rh2 Re1 74.Rd2 Re3 75.Rd4 Re2+ 76.Rd2 Re1 77.Rd1 Re2+ 78.Rd2 Re3 
79.Rd4 Rh3 80.Rd2 Kc5 81.Rd8 Rh2+ 82.Rd2 Rh1 1/2-1/2

[Event "10th EUR-ch (w)"]
[Site "Sankt Petersburg RUS"]
[Date "2009.03.16"]
[Round "8"]
[White "Tskhadadze, Anna"]
[Black "Khropova, Larisa"]
[Result "0-1"]
[WhiteElo "1821"]
[BlackElo "2060"]
[EventDate "2009.03.08"]
[PlyCount "148"]

1.d4 e6 2.c4 f5 3.Nc3 Nf6 4.Nf3 Be7 5.g3 b6 6.Bg2 Bb7 7.O-O O-O 8.Qc2 a5 
9.Rd1 Na6 10.a3 Ne4 11.Nxe4 Bxe4 12.Qd3 Bf6 13.Qb3 c5 14.e3 Qc7 15.Bd2 
Rfc8 16.Rac1 Rab8 17.Bc3 Qb7 18.Ne1 d5 19.Bxe4 fxe4 20.cxd5 c4 21.Qc2 exd5
22.Qe2 Qc7 23.Ng2 Rd8 24.Nf4 Rd6 25.Qg4 Qd7 26.Qe2 Bd8 27.Rb1 b5 28.Rdc1 
b4 29.axb4 axb4 30.Be1 g5 31.Ng2 Qh3 32.f4 Rh6 33.Bf2 Qxh2+ 34.Kf1 Qh3 35.
Ra1 b3 36.Ra4 Nb4 37.Rxc4 Nd3 38.Rc3 Qd7 39.Ra3 Kf7 40.Rxd3 exd3 41.Qxd3 
Qb5 42.Ra7+ Ke8 43.Qxb5+ Rxb5 44.Ne1 gxf4 45.exf4 Ra5 46.Rb7 Bb6 47.Kg2 
Ra7 48.Rxa7 Bxa7 49.Nd3 Ra6 50.Nc1 Ra3 51.Kf3 Bb6 52.Ke2 Ra2 53.Nxb3 Rxb2+
54.Nd2 Ba5 55.Be3 h5 56.Kd3 Bxd2 57.Bxd2 Rb3+ 58.Bc3 Kf7 59.Kc2 Ra3 60.Kb2
Ra4 61.Kc2 Ke6 62.Kd3 Ra3 63.Kc2 Kf5 64.Be1 Rf3 65.Kd2 Ke4 66.Ke2 Re3+ 67.
Kd2 Rd3+ 68.Ke2 Rxd4 69.Bf2 Ra4 70.Kd2 d4 71.Ke2 d3+ 72.Kd2 Ra2+ 73.Ke1 
Re2+ 74.Kf1 Kf3 0-1

[Event "10th EUR-ch (w)"]
[Site "Sankt Petersburg RUS"]
[Date "2009.03.16"]
[Round "8"]
[White "Ovod, Irina"]
[Black "Efremova, Daria"]
[Result "0-1"]
[WhiteElo "1777"]
[BlackElo "1910"]
[EventDate "2009.03.08"]
[PlyCount "112"]

1.Nf3 Nf6 2.g3 g6 3.Bg2 Bg7 4.d3 c5 5.O-O Nc6 6.Nbd2 d6 7.a3 O-O 8.c3 e5 
9.h3 h6 10.Nh2 Be6 11.e4 Qd7 12.g4 Nh7 13.f3 Kh8 14.Rf2 f5 15.Ndf1 d5 16.
exf5 gxf5 17.Ng3 f4 18.Nh5 Rae8 19.Nxg7 Qxg7 20.Bd2 Nf6 21.Rc1 Bg8 22.Be1 
Qg6 23.Bf1 Rd8 24.Rg2 e4 25.h4 Ne8 26.g5 h5 27.Rd2 e3 28.Rg2 Be6 29.Kh1 
Ng7 30.Be2 Bf5 31.Nf1 d4 32.cxd4 cxd4 33.Rc5 b6 34.Rxf5 Nxf5 35.b4 Rc8 36.
b5 Ne5 37.Rh2 Rf7 38.Bb4 Rfc7 39.Qb3 Rc1 40.Kg2 R8c2 41.Kh3 Ng7 42.Rg2 
Qe6+ 43.Qxe6 Nxe6 44.Bd6 Ng6 45.Nh2 Rb1 46.Bb4 Rbb2 47.Ng4 Rxe2 48.Rxe2 
hxg4+ 49.Kxg4 Rxe2 50.Kf5 Nxh4+ 51.Kxe6 Rg2 52.Kf6 Nxf3 53.g6 e2 54.Kf5 
e1=Q 55.Bxe1 Nxe1 56.Kxf4 Rxg6 0-1

[Event "10th EUR-ch (w)"]
[Site "Sankt Petersburg RUS"]
[Date "2009.03.17"]
[Round "9"]
[White "Foisor, Cristina"]
[Black "Pogonina, Natalia"]
[Result "1/2-1/2"]
[WhiteElo "2412"]
[BlackElo "2467"]
[EventDate "2009.03.08"]
[PlyCount "107"]

1.c4 c5 2.g3 Nc6 3.Bg2 g6 4.Nc3 Bg7 5.d3 d6 6.Bd2 e5 7.Qc1 Nge7 8.Bh6 O-O 
9.Bxg7 Kxg7 10.Nf3 Bf5 11.h3 Qd7 12.g4 Be6 13.Ng5 f6 14.Nxe6+ Qxe6 15.Nd5 
Rab8 16.e3 Qd7 17.Qc3 Nxd5 18.cxd5 Ne7 19.f4 b5 20.O-O b4 21.Qc4 g5 22.d4 
cxd4 23.fxg5 fxg5 24.Rxf8 Rxf8 25.Qxb4 dxe3 26.Qe4 Ng6 27.Qxe3 Nf4 28.Rc1 
Qb7 29.Rc2 Rf7 30.Be4 h6 31.Kh2 Qb5 32.Qa3 Qf1 33.Qe3 Qd1 34.Rc1 Qe2+ 35.
Qxe2 Nxe2 36.Rc2 Rf2+ 37.Bg2 Kf6 38.b4 e4 39.a4 e3 40.b5 Nf4 41.Rxf2 exf2 
42.a5 Nxd5 43.Kg3 Ke5 44.Kxf2 Nc7 45.b6 axb6 46.axb6 Na6 47.Ke3 d5 48.b7 
Nb8 49.Bf3 Kd6 50.Kd3 Kc5 51.Kc3 Nc6 52.Bg2 Nb8 53.Bf3 Nc6 54.Bg2 1/2-1/2

[Event "10th EUR-ch (w)"]
[Site "Sankt Petersburg RUS"]
[Date "2009.03.17"]
[Round "9"]
[White "Lomineishvili, Maia"]
[Black "Kovanova, Baira"]
[Result "1-0"]
[WhiteElo "2437"]
[BlackElo "2386"]
[EventDate "2009.03.08"]
[PlyCount "137"]

1.d4 Nf6 2.c4 e6 3.Nf3 b6 4.Nc3 Bb7 5.a3 g6 6.Qc2 Bg7 7.e4 d6 8.Bd3 O-O 9.
O-O c5 10.d5 e5 11.b4 Nbd7 12.Rb1 Qe7 13.Re1 Nh5 14.g3 Rfc8 15.Be3 Nhf6 
16.Qe2 Ba6 17.Nd2 Rf8 18.Nb3 Ne8 19.Qc2 Ndf6 20.Qd1 Bc8 21.Be2 Bh3 22.bxc5
dxc5 23.a4 Nd6 24.f3 Nh5 25.Nb5 f5 26.Nxd6 Qxd6 27.Bg5 h6 28.Bd2 Nf6 29.
Qc2 fxe4 30.fxe4 Ng4 31.Bf1 Qf6 32.Bg5 Qxg5 33.Bxh3 Rf2 34.Re2 Ne3 35.Qd2 
Rxe2 36.Qxe2 h5 37.Nd2 Bh6 38.Nf1 Rf8 39.Nxe3 Qxe3+ 40.Qxe3 Bxe3+ 41.Kh1 
Kg7 42.d6 Bg5 43.a5 Bd8 44.Kg2 Kf6 45.a6 Kg7 46.Rd1 Kf6 47.Rd5 Rh8 48.Kf3 
h4 49.Bg4 hxg3 50.Kxg3 Rf8 51.h3 Rh8 52.Kf3 b5 53.cxb5 Bb6 54.d7 Rd8 55.
Rd6+ Kf7 56.Rc6 Rf8 57.Ke2 Kg7 58.Rc8 Kf7 59.Kd3 Ke7 60.Kc4 Rd8 61.Kd5 Kf6
62.Kd6 c4 63.Rxc4 Rf8 64.Rc8 Rd8 65.Rc1 Bd4 66.Rf1+ Kg7 67.Ke7 Bb6 68.Rf7+
Kg8 69.Rf6 1-0

[Event "10th EUR-ch (w)"]
[Site "Sankt Petersburg RUS"]
[Date "2009.03.17"]
[Round "9"]
[White "Shadrina, Tatiana"]
[Black "Severiukhina, Zoya"]
[Result "1-0"]
[WhiteElo "2416"]
[BlackElo "2327"]
[EventDate "2009.03.08"]
[PlyCount "69"]

1.e4 d6 2.d4 Nf6 3.Nc3 g6 4.f4 Bg7 5.Nf3 O-O 6.Bd3 Na6 7.O-O c5 8.d5 Rb8 
9.Qe1 Nb4 10.a3 Nxd3 11.cxd3 b5 12.Qh4 e6 13.dxe6 fxe6 14.Be3 Nd7 15.Qh3 
Re8 16.e5 d5 17.d4 c4 18.g4 Nf8 19.Nh4 a5 20.f5 exf5 21.gxf5 gxf5 22.Nxf5 
Rb6 23.Qf3 Bxf5 24.Qxf5 Rg6+ 25.Kh1 Ne6 26.Nxb5 Rf8 27.Qh5 Rxf1+ 28.Rxf1 
Qe8 29.Qf3 Qxb5 30.h4 Nd8 31.h5 Re6 32.Bg5 Re8 33.Bxd8 Rf8 34.Bf6 Qxb2 35.
Qxd5+ 1-0

[Event "10th EUR-ch (w)"]
[Site "Sankt Petersburg RUS"]
[Date "2009.03.17"]
[Round "9"]
[White "Turova, Irina"]
[Black "Arakhamia-Grant, Ketevan"]
[Result "1-0"]
[WhiteElo "2379"]
[BlackElo "2500"]
[EventDate "2009.03.08"]
[PlyCount "91"]

1.d4 Nf6 2.c4 g6 3.Nc3 Bg7 4.e4 d6 5.f4 c5 6.d5 O-O 7.Nf3 b5 8.cxb5 a6 9.
a4 e6 10.dxe6 Bxe6 11.e5 dxe5 12.Qxd8 Rxd8 13.fxe5 Ng4 14.Bf4 Nd7 15.Ng5 
Bxe5 16.Nxe6 fxe6 17.Bg5 Rdb8 18.Be2 Ndf6 19.Bf3 Ra7 20.h3 h6 21.Bd2 Bg3+ 
22.Ke2 Ne5 23.Bxh6 axb5 24.axb5 Rd7 25.Rhd1 Nxf3 26.Kxf3 Be5 27.Rxd7 Nxd7 
28.Ra5 Nb6 29.Ra6 Bd4 30.Ke4 Kh7 31.Bf4 e5 32.Bxe5 Re8 33.Rxb6 Rxe5+ 34.
Kd3 Re3+ 35.Kc4 Rg3 36.Ne2 Rxg2 37.Nxd4 cxd4 38.b3 Rg3 39.Rd6 Rc3+ 40.Kb4 
Rxh3 41.Rxd4 g5 42.b6 Kg6 43.b7 Rh8 44.Kb5 Kf5 45.Rc4 Rb8 46.Ka6 1-0

[Event "10th EUR-ch (w)"]
[Site "Sankt Petersburg RUS"]
[Date "2009.03.17"]
[Round "9"]
[White "Grabuzova, Tatiana"]
[Black "Romanko, Marina"]
[Result "0-1"]
[WhiteElo "2332"]
[BlackElo "2451"]
[EventDate "2009.03.08"]
[PlyCount "86"]

1.d4 d5 2.c4 c6 3.Nf3 Nf6 4.Nc3 e6 5.g3 dxc4 6.Bg2 b5 7.O-O Bb7 8.Bg5 Nbd7
9.e4 h6 10.Bxf6 Nxf6 11.Qe2 Qb6 12.a3 Be7 13.Rad1 O-O 14.Rd2 Rfe8 15.e5 
Nd5 16.Ne4 c5 17.dxc5 Bxc5 18.Nxc5 Qxc5 19.Rc1 Nb6 20.Ne1 Bxg2 21.Nxg2 
Red8 22.Rcd1 Rxd2 23.Rxd2 c3 24.b4 Qc6 25.Rd6 Qc7 26.Ne3 Rc8 27.Nc2 Nc4 
28.Rd3 Qxe5 29.Qf3 Qc7 30.Qh5 Nb2 31.Rd4 a6 32.Qh4 Nc4 33.Qe4 Rd8 34.Qd3 
Rxd4 35.Qxd4 Nd2 36.Qd3 Qc6 37.Qd8+ Kh7 38.Qd3+ g6 39.h4 h5 40.Ne3 e5 41.
Nc2 Nf3+ 42.Kf1 Nd4 43.Kg1 Qc4 0-1

[Event "10th EUR-ch (w)"]
[Site "Sankt Petersburg RUS"]
[Date "2009.03.17"]
[Round "9"]
[White "Pahtz, Elisabeth"]
[Black "Demina, Yulia"]
[Result "1-0"]
[WhiteElo "2455"]
[BlackElo "2361"]
[EventDate "2009.03.08"]
[PlyCount "89"]

1.e4 c5 2.Nf3 d6 3.d4 cxd4 4.Nxd4 Nf6 5.Nc3 a6 6.Bg5 e6 7.f4 h6 8.Bh4 Nc6 
9.Qd3 Bd7 10.O-O-O Be7 11.Be2 Rc8 12.Kb1 Qa5 13.Nxc6 Bxc6 14.Bf3 g5 15.Be1
Qc5 16.Bd2 Nd7 17.g3 b5 18.Be3 Qc4 19.Rhf1 Qxd3 20.cxd3 b4 21.Ne2 e5 22.d4
gxf4 23.gxf4 exf4 24.Bxf4 Bb5 25.Rg1 Nf8 26.Ng3 Ne6 27.Be3 Bg5 28.Nf5 Bxe3
29.Nxe3 Ng5 30.Bg4 Bd7 31.Nd5 Bxg4 32.Rxg4 a5 33.b3 Kd8 34.Nb6 Rc6 35.Nc4 
a4 36.h4 Nh7 37.Rf1 axb3 38.axb3 f6 39.Rf5 Re8 40.Rb5 Re7 41.Ne3 Rc8 42.
Nd5 Re8 43.Rb6 Ra8 44.Rxd6+ Kc8 45.Rg7 1-0

[Event "10th EUR-ch (w)"]
[Site "Sankt Petersburg RUS"]
[Date "2009.03.17"]
[Round "9"]
[White "Girya, Olga"]
[Black "Cherednichenko, Svetlana"]
[Result "1-0"]
[WhiteElo "2315"]
[BlackElo "2367"]
[EventDate "2009.03.08"]
[PlyCount "139"]

1.d4 g6 2.e4 d6 3.Nc3 Nf6 4.f4 Bg7 5.Nf3 O-O 6.a3 c5 7.dxc5 dxc5 8.Qxd8 
Rxd8 9.e5 Nd5 10.Nxd5 Rxd5 11.Bc4 Rd8 12.Be3 b6 13.Ng5 e6 14.Bd3 Bb7 15.
Be4 Bxe4 16.Nxe4 Nc6 17.Kf2 Bf8 18.h4 Be7 19.h5 Kg7 20.Rad1 Rxd1 21.h6+ 
Kf8 22.Rxd1 Rd8 23.Rxd8+ Bxd8 24.Ke2 Be7 25.Kd3 Ke8 26.c3 Bf8 27.Nf6+ Kd8 
28.Nxh7 Bxh6 29.b4 cxb4 30.axb4 Kc7 31.g3 a6 32.Bf2 Nb8 33.c4 Nd7 34.b5 
axb5 35.cxb5 Kb7 36.Bd4 Kc7 37.Kc4 Kb7 38.Kd3 Kc7 39.Kc3 Kb7 40.Kc4 Kc7 
41.Bc3 Kb7 42.Kd4 Kc8 43.Bb4 Kd8 44.Bd6 Kc8 45.Ke4 Kd8 46.Kd4 Kc8 47.Be7 
Kc7 48.Ke4 Kb7 49.Nf6 Nc5+ 50.Bxc5 bxc5 51.Kd3 g5 52.fxg5 Bxg5 53.Nd7 c4+ 
54.Kxc4 Be3 55.Nc5+ Kb6 56.Ne4 Bg1 57.Nc3 Bf2 58.Ne4 Bg1 59.g4 Bh2 60.Ng5 
Bxe5 61.Nxf7 Bg7 62.Ng5 e5 63.Ne4 Bh8 64.g5 Bg7 65.g6 Bh6 66.Nd6 Bf8 67.
Kd5 e4 68.Kxe4 Kc5 69.Nf5 Kxb5 70.Kd5 1-0

[Event "10th EUR-ch (w)"]
[Site "Sankt Petersburg RUS"]
[Date "2009.03.17"]
[Round "9"]
[White "Malgina, Tatiana"]
[Black "Guramishvili, Sopiko"]
[Result "1/2-1/2"]
[WhiteElo "2342"]
[BlackElo "2281"]
[EventDate "2009.03.08"]
[PlyCount "92"]

1.d4 Nf6 2.c4 e6 3.Nc3 d5 4.cxd5 exd5 5.Bg5 c6 6.e3 Be7 7.Qc2 Nbd7 8.Bd3 
O-O 9.Nge2 Re8 10.O-O Nf8 11.f3 Be6 12.Rae1 Rc8 13.Kh1 N6d7 14.Bxe7 Qxe7 
15.Nf4 Qd6 16.Qf2 Ng6 17.Nfe2 Qb4 18.Ng3 Nf6 19.h3 c5 20.f4 cxd4 21.exd4 
Bd7 22.Re5 Bc6 23.Bxg6 hxg6 24.f5 g5 25.Rfe1 g4 26.h4 Qb6 27.Qd2 Rcd8 28.
h5 Kh7 29.Qg5 Bd7 30.Nce2 Rh8 31.Nf4 Rde8 32.Re7 Rxe7 33.Rxe7 Kg8 34.Ne6 
Rh7 35.Rxd7 fxe6 36.fxe6 Qxe6 37.Rxb7 Qe8 38.Kg1 Qe1+ 39.Kh2 Qe8 40.Kg1 
Qe1+ 41.Nf1 Qd1 42.Rb8+ Kf7 43.Qg6+ Ke6 44.Re8+ Kd6 45.Rd8+ Ke6 46.Re8+ 
Kd6 1/2-1/2

[Event "10th EUR-ch (w)"]
[Site "Sankt Petersburg RUS"]
[Date "2009.03.17"]
[Round "9"]
[White "Ilyushina, Olga"]
[Black "Gaponenko, Inna"]
[Result "0-1"]
[WhiteElo "2269"]
[BlackElo "2450"]
[EventDate "2009.03.08"]
[PlyCount "80"]

1.d4 Nf6 2.c4 g6 3.Nc3 Bg7 4.Nf3 d5 5.cxd5 Nxd5 6.Bd2 O-O 7.Rc1 Nb6 8.e3 
Nc6 9.Bb5 Bd7 10.O-O a6 11.Be2 e5 12.d5 Ne7 13.e4 Nbc8 14.Qb3 Nd6 15.Rfd1 
h6 16.Be3 b6 17.Nd2 f5 18.Nc4 Nec8 19.f3 f4 20.Bf2 g5 21.a4 h5 22.a5 b5 
23.Nxd6 Nxd6 24.Bc5 Rf6 25.Na2 g4 26.Nb4 Rg6 27.Rd2 Qh4 28.Bxd6 cxd6 29.
Bf1 gxf3 30.Qxf3 Bg4 31.Qf2 Qg5 32.Nc6 f3 33.g3 h4 34.Rdc2 hxg3 35.hxg3 
Bh6 36.Nb4 Qf6 37.Re1 Bd7 38.Rc3 Rf8 39.Nxa6 Qh4 40.Rxf3 Rxf3 0-1